| Record ID | marc_openlibraries_sanfranciscopubliclibrary/sfpl_chq_2018_12_24_run05.mrc:343595129:3049 |
| Source | marc_openlibraries_sanfranciscopubliclibrary |
| Download Link | /show-records/marc_openlibraries_sanfranciscopubliclibrary/sfpl_chq_2018_12_24_run05.mrc:343595129:3049?format=raw |
LEADER: 03049pam a2200529 i 4500
001 923566616
003 OCoLC
005 20161018091333.0
008 160908s2016 caua j 6 000 0 eng d
010 $abl2016039702
020 $a9781608868360$qpbk.
035 $a923566616
040 $aNjBwBT$beng$cNjBwBT$erda$dUtOrBLW
050 14 $aPZ7.7.M4424$bOv 2016
082 04 $a741.5/973$223
092 $ajGN$bMCHA
100 1 $aMcHale, Pat,$eauthor.
245 10 $aOver the garden wall /$cwritten by Pat McHale ; chapter 5 co-written by Amalia Levari ; illustrated by Jim Campbell ; additional colors by Danielle Burgos ; chapter 1 lettered by Jim Campbell ; chapters 2-5 lettered by Warren Montgomery.
264 1 $aLos Angeles, CA :$bKaBoom!, a division of Boom Entertainment, Inc.,$c2016.
300 $a1 volume (unpaged) :$bcolor illustrations ;$c26 cm
336 $atext$btxt$2rdacontent
336 $astill image$bsti$2rdacontent
337 $aunmediated$bn$2rdamedia
338 $avolume$bnc$2rdacarrier
500 $aChiefly illustrations.
520 $aLost in a strange and endless wood, Wirt and his half-brother Greg befriend a sardonic bluebird named Beatrice who promises to guide them to safety, but with every strange adventure the brothers seem to travel deeper into the wood.
650 1 $aBrothers$vFiction.
650 1 $aFantasy.
650 1 $aAdventure and adventurers$vFiction.
650 1 $aGraphic novels.
700 1 $aLevari, Amalia,$eauthor.
700 1 $aCampbell, Jim,$d1977-$eartist.
730 0 $aOver the garden wall (Television program)
907 $a.b32587806$b10-15-18$c07-21-16
998 $a(2)c2j$a(2)g4j$a(2)xmj$a(2)o7j$a(2)p3j$a(2)r3j$b09-26-16$cm$da $e-$feng$gcau$h0$i12
957 00 $aOCLC reclamation of 2017-18
907 $a.b32587806$b10-07-16$c07-21-16
956 $aNo pre-reclamation 001 field existed
998 $a(2)c2j$a(2)g4j$a(2)xmj$a(2)o7j$a(2)p3j$a(2)r3j$b09-26-16$cm$da$e-$feng$gcau$h0$i12
980 $a0916
999 $yMARS
945 $ajGN$bMCHA$d - - $e06-16-2018 13:38$f0$g0$h06-28-18$i31223120949756$j131$0133$k - - $lc2jaa$ol$p$19.99$q-$r-$s- $t1$u6$v1$w0$x3$y.i87661470$z09-26-16
945 $ajGN$bMCHA$d - - $e11-16-2018 15:57$f0$g0$h11-18-18$i31223120949764$j161$0161$k - - $lg4jaa$ol$p$19.99$q-$r-$s- $t1$u13$v1$w4$x4$y.i87661482$z09-26-16
945 $ajGN$bMCHA$d - - $e08-26-2018 15:10$f0$g0$h10-18-18$i31223120949806$j141$0507$k - - $lxmjci$o-$p$19.99$q-$r-$s- $t1$u10$v8$w2$x5$y.i87661524$z09-26-16
945 $ajGN$bMCHA$d10-04-2018 14:31$e09-02-2018 13:21$f2$g0$h09-09-18$i31223120949772$j261$0800$k12-26-18$lo7jaa$ol$p$19.99$q-$r-$s- $t1$u14$v6$w4$x5$y.i87661494$z09-26-16
945 $ajGN$bMCHA$d - - $e10-18-2018 14:59$f0$g0$h10-28-18$i31223120949780$j161$0163$k - - $lp3jaa$ol$p$19.99$q-$r-$s- $t1$u11$v1$w2$x4$y.i87661500$z09-26-16
945 $ajGN$bMCHA$d - - $e10-19-2018 13:47$f0$g0$h10-25-18$i31223120949798$j321$0323$k - - $lr3jaa$ol$p$19.99$q-$r-$s- $t1$u11$v5$w1$x6$y.i87661512$z09-26-16